[Event "POL-chT3 Kujawsko Pomorskie 1516"]
[Site "Poland"]
[Date "2016.02.14"]
[Round "6"]
[White "Dahms, Medard"]
[Black "Kozlinski, Marcin"]
[Result "1-0"]
[WhiteElo "1173"]
[BlackElo "1530"]
[PlyCount "25"]
[EventDate "2015.11.08"]
[EventType "team-tourn"]
[EventRounds "9"]
[EventCountry "POL"]
[SourceTitle "EXT 2019"]
[Source "ChessBase"]
[SourceDate "2018.10.10"]
[SourceVersion "1"]
[SourceVersionDate "2018.10.10"]
[SourceQuality "1"]

1. e4 e6 2. d4 d5 3. Nc3 Nf6 4. Bg5 Be7 5. e5 Nfd7 6. Bxe7 Qxe7 7. Qg4 0-0 8. Bd3 c5 9. Nf3 Nc6 10. Bxh7+ Kh8 11. Qh5 Nf6 12. exf6 Qxf6 13. Bg6+ 1-0